Word Ladder: Kickin' Mystery Bond Quiz Stats

 Plays Quiz Updated Jul 13, 2012

Support Sporcle.
Go Orange.
Score 0/33 Timer 03:00
0 Plays Today
HINT WORD % Correct
☛ ____ JOHN SILVERS ☚☛ LONG ☚
95.9%
☛ MEN AT ____☛ WORK ☚
92%
AutumnFALL
91.5%
Camp shelterTENT
90%
☛ CINDERELLA'S BIG CHANCE ☚☛ BALL ☚
88.8%
StumbledFELL
87.7%
Gave, temporarilyLENT
85.4%
Dictionary or diaryBOOK
85.2%
Had onWORE
85.1%
GlanceLOOK
85.1%
HaltSTOP
83.3%
Color valueTINT
82.9%
Crafty fabricFELT
81.4%
Fail to entertainBORE
80.3%
Pitchfork pointTINE
77.5%
Swedish Chef comment!BORK
76.5%
Sound qualityTONE
74.3%
HINT WORD % Correct
Ill-gotten goodsLOOT
73.1%
Chinese secret societyTONG
72.3%
Peruse the mallSHOP
70%
☛ APARTMENT ☚☛ FLAT ☚
68.4%
Athletic performance dataSTAT
66.1%
Venetian blind unitSLAT
61.7%
Lowell George's band, Little ____FEAT
61.2%
3:10 To Yuma remake starBALE
58.7%
AtticLOFT
58.6%
Flue dustSOOT
56.5%
Tree trunkBOLE
54.6%
☛ SINISTER SIDE ☚☛ LEFT ☚
54.4%
Boilermaker componentSHOT
49.7%
☛ ONE OF TWELVE? ☚☛ STEP ☚
36.9%
Latin for 'Let it stand'STET
35.5%
☛ COMMON BOND ☚☛ FOOT ☚
23%

Today's Daily Dose

Word Ladder
ING Words

Get the Picture
Nearest Volcano

From the Vault

Erase the World by Capital

by goc3

Geography 20m
Erasing with a capital 'E'.
Remove Ads.
Support Sporcle.
Get the best of Sporcle when you Go Orange. This ad-free experience offers more features, more stats, and more fun while also helping to support Sporcle. Thank you for becoming a member.

Show Comments

Extras

Top Quizzes Today


Score Distribution

Your Account Isn't Verified!

In order to create a playlist on Sporcle, you need to verify the email address you used during registration. Go to your Sporcle Settings to finish the process.

Report this User

Report this user for behavior that violates our Community Guidelines.

Details: